00714 2200181 4500245004500000020002200045250001000067100001500077700001600092650001700108005001900125260003500144041001400179084001100193300002900204500029000233336000900523 aSebuah Usaha MelupakancBoy CandrahText a978-979-794-520-6 aCet.1 aBoy Candra aDian Nitami aNovel Remaja a20240131074937 ajakar selatanbMediakitac2016 aIndonesia a808.83 aii, 306 hlm. :c13x19 cm aSetelah hari-hari yang sedih berlalu Bulan-bulan pahit memulihkan diriku. Aku menyadari satu hal yang bukan untukku, sekeras apa pun kupaksakan, tetap saja tak akan menjadi milikku. Yang kuperjuangkan sekuat usahaku, jika kau tak memperjuangkanmu sepenuh hatimu,tetap saja kita berlalu atext